<?xml version="1.0" encoding="UTF-8"?>
<record
    xmlns:xsi="http://www.w3.org/2001/XMLSchema-instance"
    xsi:schemaLocation="http://www.loc.gov/MARC21/slim http://www.loc.gov/standards/marcxml/schema/MARC21slim.xsd"
    xmlns="http://www.loc.gov/MARC21/slim">

  <leader>01185cam a22002651  4500</leader>
  <controlfield tag="001">ne 65002694 </controlfield>
  <controlfield tag="003">DLC</controlfield>
  <controlfield tag="005">20260227111819.0</controlfield>
  <controlfield tag="008">900813s1964    le       b    000 0 arar </controlfield>
  <datafield tag="010" ind1=" " ind2=" ">
    <subfield code="a">ne 65002694 </subfield>
  </datafield>
  <datafield tag="035" ind1=" " ind2=" ">
    <subfield code="a">(OCoLC)22214575</subfield>
  </datafield>
  <datafield tag="040" ind1=" " ind2=" ">
    <subfield code="a">DLC</subfield>
    <subfield code="c">WaU</subfield>
    <subfield code="d">WaU</subfield>
    <subfield code="d">DLC</subfield>
  </datafield>
  <datafield tag="042" ind1=" " ind2=" ">
    <subfield code="a">premarc</subfield>
  </datafield>
  <datafield tag="043" ind1=" " ind2=" ">
    <subfield code="a">a------</subfield>
    <subfield code="a">fa-----</subfield>
  </datafield>
  <datafield tag="050" ind1="0" ind2="0">
    <subfield code="a">DS76.4</subfield>
    <subfield code="b">.J3</subfield>
  </datafield>
  <datafield tag="100" ind1="1" ind2=" ">
    <subfield code="a">Jahsh&#x12B;y&#x101;r&#x12B;, Mu&#x1E25;ammad ibn &#x2BB;Abd&#x16B;s,</subfield>
    <subfield code="d">-942 or 943.</subfield>
  </datafield>
  <datafield tag="245" ind1="1" ind2="0">
    <subfield code="a">Nu&#x1E63;&#x16B;&#x1E63; &#x1E0D;&#x101;&#x2BC;i&#x2BB;ah min Kit&#x101;b al-wuzar&#x101;&#x2BC; wa-al-kutt&#x101;b</subfield>
    <subfield code="c">li-Mu&#x1E25;ammad ibn &#x2BB;Abd&#x16B;s al-Jahshiy&#x101;r&#x12B;. Jama&#x2BB;ah&#x101; min ma&#x1E63;&#x101;dir makh&#x1E6D;&#x16B;&#x1E6D;ah wa-ma&#x1E6D;b&#x101;&#x2BB;ah, wa-&#x2BB;allaqa &#x2BB;alayh&#x101; M&#x12B;kh&#x101;&#x2BC;&#x12B;l &#x2BB;Aww&#x101;d.</subfield>
  </datafield>
  <datafield tag="260" ind1=" " ind2=" ">
    <subfield code="a">Bayr&#x16B;t,</subfield>
    <subfield code="b">D&#x101;r al-Kit&#x101;b al-Lubn&#x101;n&#x12B;</subfield>
    <subfield code="c">[1964]</subfield>
  </datafield>
  <datafield tag="300" ind1=" " ind2=" ">
    <subfield code="a">118 p.</subfield>
    <subfield code="c">25 cm.</subfield>
  </datafield>
  <datafield tag="500" ind1=" " ind2=" ">
    <subfield code="a">Added t.p.: Lost fragments of Kit&#x101;b al-wuzar&#x101;&#x2BC; wa-l-kutt&#x101;b, by Muhammad ibn &#x2BB;Abdoos al-Gahs&#x332;h&#x332;iy&#x101;ri. Compiled from manuscripts and printed sources, and annotated by M&#x12B;k&#x332;h&#x332;&#x101;&#x2BC;&#x12B;l &#x2BB;Aw&#x101;d.</subfield>
  </datafield>
  <datafield tag="504" ind1=" " ind2=" ">
    <subfield code="a">Bibliography: p. 108-112.</subfield>
  </datafield>
  <datafield tag="651" ind1=" " ind2="0">
    <subfield code="a">Islamic countries</subfield>
    <subfield code="x">History.</subfield>
  </datafield>
  <datafield tag="700" ind1="1" ind2=" ">
    <subfield code="a">&#x2BB;Aww&#x101;d, M&#x12B;kh&#x101;&#x2BC;&#x12B;l.</subfield>
  </datafield>
  <datafield tag="700" ind1="1" ind2=" ">
    <subfield code="a">Jahsh&#x12B;y&#x101;r&#x12B;, Mu&#x1E25;ammad ibn &#x2BB;Abd&#x16B;s,</subfield>
    <subfield code="d">-942 or 943.</subfield>
    <subfield code="t">Wuzar&#x101;&#x2BC; wa-al-kutt&#x101;b.</subfield>
  </datafield>
  <datafield tag="999" ind1=" " ind2=" ">
    <subfield code="c">48609</subfield>
    <subfield code="d">48609</subfield>
  </datafield>
</record>
